000 00600nam a2200193Ia 4500
005 20250508160209.0
008 008 250505s9999 xx 000 0 eng d
037 _aBooks to be hide in OPAC
040 _aFEDL
_beng
_cFEDL
041 _aeng
_2eng
084 _a370.973, UNI/O
_qFEDL
100 _aRathmann Carl G
_9768084
245 0 _aVisual education and the St. Louis school museum
260 _aWashington, USA
_bU.S. Government Printing Office
_c1925
300 _aiv,60p.
546 _aBulletin, 1924, No. 39
942 _cHB
_h370.973, UNI/O
999 _c1362594
_d1362594